000
00307nam a22001337a 4500
008
171016b xxu||||| |||| 00| 0 eng d
020
_a
9780881324075
041
_a
eng
080
_2
3RD
_a
33
100
_a
52
101
_a
EKO
245
_a
ECONOMIC SANCTIONS RECONSIDERED
_c
HUFBAUER,G.C
942
_2
udc
_c
BK
999
_c
34054
_d
34054